Obálka
Pro půjčování e-knih musíte být přihlášeni.
Jak si půjčit online?

Makléř : příběh o chamtivosti a strachu /

Příběh z prostředí pražské burzy. Život makléře tvoří strmou křivku - úspěch a peníze, o jakých se chlapci z Valašska mohlo jen zdát. Ale cesta dolů může být rychlejší než cesta nahoru ve světě, kde jsou peníze vším.

Uloženo v:
Hlavní autor: Kodýdek, Martin (Autor)
Další autoři: Jirásek, Ondřej, 1964- (Autor), Kolařík, Jan, 1968- (Režisér)
Médium: E-audiokniha
Jazyk:Czech
Vydáno: [Brno] : BizBooks, [2019]
Témata:
Tagy:
Žádné tagy
LEADER 07007nim a2201477 i 4500
001 313044
003 CZ PrSKC
005 20260601215734.0
007 sd fungnnmmned
008 190613p20192018xr nnnng f n cze
015 |a cnb003102634 
024 3 |a 8594050426634 
040 |a ABA001  |b cze  |e rda 
072 7 |a 821.162.3-3  |x Česká próza  |2 Konspekt 
080 |a 821.162.3-31  |2 MRF 
080 |a (0:82-312.4)  |2 MRF 
080 |a (086.7)08  |2 MRF 
080 |a (086.76)  |2 MRF 
100 1 |a Kodýdek, Martin  |7 mzk20181010650  |4 aut 
245 1 0 |a Makléř :  |b příběh o chamtivosti a strachu /  |c Martin Kodýdek 
264 1 |a [Brno] :  |b BizBooks,  |c [2019] 
264 4 |c ©2019 
300 |a 1 audiodisk (4 hod., 46 min., 7 sek.) ;  |c 12 cm 
306 |a 044607 
336 |a mluvené slovo  |b spw  |2 rdacontent 
337 |a audio  |b s  |2 rdamedia 
338 |a audiodisk  |b sd  |2 rdacarrier 
344 |a digital  |b optical  |2 rda 
347 |a audio soubor  |b MP3  |2 rda 
500 |a Název z disku 
500 |a Copyright Albatros Media 
500 |a Nezkrácená audiokniha ve formátu MP3 
500 |a Podle stejnojmenné knihy vydané nakladatelstvím BizBooks v roce 2018 
508 |a Režie Ondřej Jirásek 
511 0 |a Čte Jan Kolařík 
518 |o Nahráno  |d říjen 2018  |p Recording Studio Škroupova Brno 
520 2 |a Příběh z prostředí pražské burzy. Život makléře tvoří strmou křivku - úspěch a peníze, o jakých se chlapci z Valašska mohlo jen zdát. Ale cesta dolů může být rychlejší než cesta nahoru ve světě, kde jsou peníze vším.  |b První český román ze zákulisí pražské burzy. Obyčejný mladík z Valašska, který od dětství snil o úspěchu, se po vysoké škole rychle šplhá na vrchol v prestižní burzovní firmě. Proniká však do prostředí, kterému vládne strach, stres, chamtivost a kde jediným měřítkem jsou peníze. Odhalte praktiky i vztahy burzovního světa a začtěte se do příběhu o českých "vlcích z Wall Street" s napínavou krimi zápletkou. Nakladatelská anotace. 
655 7 |a české romány  |7 fd133974  |2 czenas 
655 7 |a thrillery (romány)  |7 fd184206  |2 czenas 
655 7 |a audioknihy  |7 fd119452  |2 czenas 
655 7 |a kompaktní disky  |7 fd201991  |2 czenas 
700 1 |a Jirásek, Ondřej,  |d 1964-  |7 jn20020211007  |4 drt 
700 1 |a Kolařík, Jan,  |d 1968-  |7 xx0090788  |4 nrt 
900 |a ABA001  |b 18 
044 |a xr 
505 0 0 |t Úvod (2 min., 37 sek.) 
505 0 0 |t Prolog (2 min., 3 sek.) 
505 0 0 |t Peníze - Kapitola 1 (5 min., 19 sek.) 
505 0 0 |t Peníze - Kapitola 2 (5 min., 16 sek.) 
505 0 0 |t Peníze - Kapitola 3 (4 min., 40 sek.) 
505 0 0 |t Peníze - Kapitola 4 (7 min., 27 sek.) 
505 0 0 |t Peníze - Kapitola 4 (4 min., 6 sek.) 
505 0 0 |t Peníze - Kapitola 6 (3 min., 18 sek.) 
505 0 0 |t Peníze - Kapitola 7 (3 min., 15 sek.) 
505 0 0 |t Peníze - Kapitola 8 (3 min., 2 sek.) 
505 0 0 |t Peníze - Kapitola 9 (3 min., 6 sek.) 
505 0 0 |t Peníze - Kapitola 10 (3 min., 59 sek.) 
505 0 0 |t Peníze - Kapitola 11 (3 min., 19 sek.) 
505 0 0 |t Peníze - Kapitola 12 (3 min., 32 sek.) 
505 0 0 |t Peníze - Kapitola 13 (3 min., 31 sek.) 
505 0 0 |t Peníze - Kapitola 14 (2 min., 52 sek.) 
505 0 0 |t Peníze - Kapitola 15 (3 min., 36 sek.) 
505 0 0 |t Peníze - Kapitola 16 (3 min., 6 sek.) 
505 0 0 |t Peníze - Kapitola 17 (2 min., 36 sek.) 
505 0 0 |t Peníze - Kapitola 18 (2 min., 39 sek.) 
505 0 0 |t Peníze - Kapitola 19 (4 min., 56 sek.) 
505 0 0 |t Peníze - Kapitola 20 (2 min., 11 sek.) 
505 0 0 |t Peníze - Kapitola 21 (2 min., 58 sek.) 
505 0 0 |t Peníze - Kapitola 22 (4 min., 23 sek.) 
505 0 0 |t Peníze - Kapitola 23 (6 min., 51 sek.) 
505 0 0 |t Peníze - Kapitola 24 (2 min., 40 sek.) 
505 0 0 |t Peníze - Kapitola 25 (4 min., 3 sek.) 
505 0 0 |t Peníze - Kapitola 26 (2 min., 42 sek.) 
505 0 0 |t Peníze - Kapitola 27 (3 min., 36 sek.) 
505 0 0 |t Peníze - Kapitola 28 (5 min., 35 sek.) 
505 0 0 |t Peníze - Kapitola 29 (4 min., 42 sek.) 
505 0 0 |t Peníze - Kapitola 30 (3 min., 0 sek.) 
505 0 0 |t Peníze - Kapitola 31 (2 min., 26 sek.) 
505 0 0 |t Peníze - Kapitola 32 (5 min., 55 sek.) 
505 0 0 |t Peníze - Kapitola 33 (6 min., 31 sek.) 
505 0 0 |t Peníze - Kapitola 34 (4 min., 22 sek.) 
505 0 0 |t Peníze - Kapitola 35 (4 min., 30 sek.) 
505 0 0 |t Peníze - Kapitola 36 (2 min., 59 sek.) 
505 0 0 |t Peníze - Kapitola 37 (5 min., 53 sek.) 
505 0 0 |t Peníze - Kapitola 38 (2 min., 49 sek.) 
505 0 0 |t Peníze - Kapitola 39 (5 min., 10 sek.) 
505 0 0 |t Peníze - Kapitola 40 (3 min., 50 sek.) 
505 0 0 |t Peníze - Kapitola 41 (1 min., 58 sek.) 
505 0 0 |t Peníze - Kapitola 42 (6 min., 18 sek.) 
505 0 0 |t Peníze - Kapitola 43 (3 min., 9 sek.) 
505 0 0 |t Peníze - Kapitola 44 (2 min., 9 sek.) 
505 0 0 |t Peníze - Kapitola 45 (2 min., 55 sek.) 
505 0 0 |t Peníze - Kapitola 46 (2 min., 32 sek.) 
505 0 0 |t Peníze - Kapitola 47 (4 min., 7 sek.) 
505 0 0 |t Peníze - Kapitola 48 (3 min., 56 sek.) 
505 0 0 |t Peníze - Kapitola 49 (3 min., 14 sek.) 
505 0 0 |t Peníze - Kapitola 50 (1 min., 41 sek.) 
505 0 0 |t Peníze - Kapitola 51 (3 min., 6 sek.) 
505 0 0 |t Peníze - Kapitola 52 (2 min., 16 sek.) 
505 0 0 |t Peníze - Kapitola 53 (1 min., 17 sek.) 
505 0 0 |t Smysl - Kapitola 1 (4 min., 57 sek.) 
505 0 0 |t Smysl - Kapitola 2 (3 min., 6 sek.) 
505 0 0 |t Smysl - Kapitola 3 (2 min., 19 sek.) 
505 0 0 |t Smysl - Kapitola 4 (3 min., 22 sek.) 
505 0 0 |t Smysl - Kapitola 5 (6 min., 3 sek.) 
505 0 0 |t Smysl - Kapitola 6 (3 min., 24 sek.) 
505 0 0 |t Smysl - Kapitola 7 (5 min., 47 sek.) 
505 0 0 |t Smysl - Kapitola 8 (2 min., 40 sek.) 
505 0 0 |t Smysl - Kapitola 9 (5 min., 38 sek.) 
505 0 0 |t Smysl - Kapitola 10 (2 min., 49 sek.) 
505 0 0 |t Smysl - Kapitola 11 (2 min., 58 sek.) 
505 0 0 |t Smysl - Kapitola 12 (7 min., 15 sek.) 
505 0 0 |t Smysl - Kapitola 13 (3 min., 31 sek.) 
505 0 0 |t Smysl - Kapitola 14 (2 min., 35 sek.) 
505 0 0 |t Smysl - Kapitola 15 (3 min., 45 sek.) 
505 0 0 |t Smysl - Kapitola 16 (4 min., 36 sek.) 
505 0 0 |t Smysl - Kapitola 17 (2 min., 26 sek.) 
505 0 0 |t Smysl - Kapitola 18 (3 min., 9 sek.) 
505 0 0 |t Smysl - Kapitola 19 (2 min., 56 sek.) 
505 0 0 |t Smysl - Kapitola 20 (3 min., 32 sek.) 
505 0 0 |t Smysl - Kapitola 21 (2 min., 31 sek.) 
505 0 0 |t Smysl - Kapitola 22 (2 min., 32 sek.) 
505 0 0 |t Epilog (3 min., 53 sek.) 
910 |a RBIT002 
998 |d 206704  |a https://core.palmknihy.cz/api/books/206704/cover?sjba4h  |b https://core.palmknihy.cz/api/books/206704/cover/400?sjba4h  |c https://core.palmknihy.cz/api/books/206704/cover/50?sjba4h  |e 2050-12-31  |i 8594050426634  |l 17400  |q 49  |r 1  |s https://www.palmknihy.cz/kniha/206704  |t audiobook  |y 2019  |z 0 
999 |d 313042